The 100 Characters Quiz Stats

 Plays Quiz not verified by Sporcle

Challenge
Share
Tweet
Embed
Score 0/72 Timer 10:00
1 Play Today
% Correct
Clarke Griffin
97.5%
Bellamy Blake
97.2%
Octavia Blake
96.2%
Jasper Jordan
95.3%
Abby Griffin
94.9%
Monty Green
94.4%
Lexa
93.5%
Thelonius Jaha
93.2%
Raven Reyes
92.1%
Marcus Kane
92.1%
John Murphy
91.4%
Finn Collins
90.6%
Lincoln
90.5%
Wells Jaha
89.2%
Indra
86.2%
Harper McIntyre
85.7%
Roan
79.8%
Maya Vie
79%
Anya
78.8%
Nathan Miller
78.2%
Emori
75.5%
Charlotte
72.9%
Luna
72%
Cage Wallace
70%
Charles Pike
69.3%
Echo
69%
Alie
68%
Dante Wallace
66%
Sinclair
65.1%
Ontari
65.1%
Fox
64.1%
Atom
64%
Jake Griffin
64%
Jackson
63.7%
Titus
62.8%
Nyko
61.7%
% Correct
Madi
61%
Zoe Monroe
60.4%
Becca
59.8%
Carl Emerson
55.3%
Hannah Green
53.6%
Nia
53.5%
Bryan
52.4%
Niylah
49.2%
Ilian
48.9%
Dax
48.6%
Kyle Wick
48.3%
Lorelei Tsing
47.4%
Gustus
46.8%
Aden
46.5%
Vincent Vie
45.9%
Sterling
45.6%
Charmaine Diyoza
45.1%
Miles Shaw
42.9%
Shumway
42.3%
Diana Sydney
41.9%
Paxton McCreary
40.7%
Kara Cooper
39.6%
Gaia
39.4%
Roma
39.4%
Riley
38.9%
Byrne
36.4%
Tristan
36.2%
David Miller
35.7%
Gina Martin
33.6%
Myles
32.6%
Vera Kane
32.4%
Otan
30.6%
John Mbege
28.6%
Keenan Mykulak
14.8%
Cuyler Ridley
13.7%
6.6%

You're not logged in!

Compare scores with friends on all Sporcle quizzes.
Join for Free
OR
Log In

You Might Also Like...

Show Comments

Extras

Top Quizzes Today


Score Distribution

Your Account Isn't Verified!

In order to create a playlist on Sporcle, you need to verify the email address you used during registration. Go to your Sporcle Settings to finish the process.

Report this User

Report this user for behavior that violates our Community Guidelines.

Details: